|
|
|
|
| LEADER |
01280nam a2200301 a 4500 |
| 001 |
c000053047 |
| 003 |
CARM |
| 005 |
00000000000000.0 |
| 008 |
s1984 nz a b 00010 eng d |
| 019 |
1 |
|
|a 3754368
|5 LACONCORD2021
|
| 020 |
|
|
|c $4, $3.50 to members (pbk.)
|
| 035 |
|
|
|a (OCoLC)154270734
|5 LACONCORD2021
|
| 040 |
|
|
|a NZNB
|c WN
|
| 100 |
1 |
|
|a Jansen, M. L.
|q (Murray Lyle),
|d 1944-
|
| 245 |
1 |
0 |
|a Removing paint from timber :
|b a review of methods with special reference to lead-pigmented paints /
|c M.L. Jansen.
|
| 260 |
|
|
|a Porirua, N.Z. :
|b Building Research Association of New Zealand,
|c 1984.
|
| 300 |
|
|
|a 19 p. :
|b ill. ;
|c 30 cm.
|
| 490 |
1 |
|
|a Research report R / Building Research Association of New Zealand,
|x 0110-9960 ;
|v R42
|
| 500 |
|
|
|a Cover title.
|
| 504 |
|
|
|a Bibliography: p 17-19.
|
| 650 |
|
0 |
|a Paint removers.
|
| 650 |
|
0 |
|a Lead based paint.
|
| 710 |
2 |
0 |
|a Building Research Association of New Zealand.
|
| 830 |
|
0 |
|a Research report R (Building Research Association of New Zealand) ;
|v R42
|
| 852 |
8 |
|
|b CARM
|h A2:AF23D2
|i D01104
|p 0048483
|f BK
|
| 082 |
0 |
4 |
|a 667.6
|2 19
|
| 999 |
f |
f |
|i 4c3ee933-a575-55fc-8fda-7ca1e3f45270
|s f1649a79-8156-5977-bd2c-59691181fe17
|
| 952 |
f |
f |
|p Can circulate
|a CAVAL
|b CAVAL
|c CAVAL
|d CARM 1 Store
|e D01104
|f A2:AF23D2
|h Other scheme
|i book
|m 0048483
|